Zamestnanecké benefity
Motivovanie zamestnancov patrí k náročným a zložitým úlohám zamestnávateľa. Vyplýva to predovšetkým z hlavného dôvodu motivácie, ktorým je na jednej strane vytvoriť pracovné prostredie, v ktorom budú mať zamestnanci uspokojené svoje nároky a záujmy, čo ich bude viesť k efektívne vykonávanej práci, a...
Uložené v:
| Hlavný autor: | |
|---|---|
| Médium: | Kapitola |
| Jazyk: | Slovak |
| Predmet: | |
| Tagy: |
Žiadne tagy, Buďte prvý, kto otaguje tento záznam!
|
MARC
| LEADER | 00000naa a2200000 4500 | ||
|---|---|---|---|
| 001 | 0299712 | ||
| 005 | 20240417075308.4 | ||
| 041 | 0 | |a slo | |
| 044 | |a SK | ||
| 245 | 1 | 0 | |a Zamestnanecké benefity |c Iveta Matlovičová |
| 520 | |a Motivovanie zamestnancov patrí k náročným a zložitým úlohám zamestnávateľa. Vyplýva to predovšetkým z hlavného dôvodu motivácie, ktorým je na jednej strane vytvoriť pracovné prostredie, v ktorom budú mať zamestnanci uspokojené svoje nároky a záujmy, čo ich bude viesť k efektívne vykonávanej práci, a na strane druhej výsledok práce zamestnancov, ktorý by mal viesť k naplneniu úloh a cieľov požadovaných zamestnávateľom. | ||
| 610 | 2 | 0 | |a benefity |
| 610 | 2 | 0 | |a zamestnanci |
| 610 | 2 | 0 | |a zamestnávatelia |
| 610 | 2 | 0 | |a motivácia pracovná |
| 610 | 2 | 0 | |a spokojnosť v práci |
| 610 | 2 | 0 | |a prostredie pracovné |
| 610 | 2 | 0 | |a efektívnosť |
| 100 | 1 | |a Matlovičová, Iveta | |